Регионална библиотека "Любен Каравелов" - Русе

Най-големите гафове в правосъдието (Запис номер 101605)

MARC детайли
000 -Лидер
Контролно поле с фиксирана дължина 02363nam a2200421 c 4500
003 - Код на организацията, давaща контролен номер
Контролно поле BLK
005 - Дата и час на последна редакция
Контролно поле 20250728145811.0
008 - Елементи от данни с фиксирана дължина
fixed length control field 180409b bul|||||r ||||||| ||bul||
010 ## - Наследен системен номер
LC control number KNG00106656000
020 ## - Международен стандартен номер на книга ISBN
Международен стандартен номер на книга ISBN 954-91332-2-2
040 ## - Източник на каталожния запис
Идентификатор на билиотеката - собственик на записа BLK
041 ## - Код за език
Код за езика на текст/звукозапис или на отделно заглавие Български
Код за езика КДБФ Български
080 ## - УДК
Текстов определител УДК Гражданско съдопроизводство. Граждански процес. - Видове гражданско съдопроизводство:арбитражна, опростени процедури за по-дребни случаи, формалности при съдебна процедура, разследване, доказване
УДК код - определител по УДК 347.91/.95
УДК определител (091)
УДК - код + определител 347.91/.95(091)
080 ## - УДК
Текстов определител УДК Специална част на наказателното право. Видове наказуеми действия - Срещу собствена или чужда държава и управлението, политически престъпления,геноцид(прав.аспекти), наркотрафик, против мира, обществен
УДК код - определител по УДК 343.3/.7
УДК определител (091)
УДК - код + определител 343.3/.7(091)
080 ## - УДК
Текстов определител УДК Престъпници. Субекти на наказуеми действия
УДК код - определител по УДК 343.22
УДК определител (092)
УДК - код + определител 343.22(092)
080 ## - УДК
Текстов определител УДК Биографии
УДК код - определител по УДК 929
УДК определител (100)
УДК - код + определител 929(100)
100 1# - Редна дума - Автор
Автор Тибълс, Джоф
Авторска отговорност първи автор
R(LIN) 128745
139 ## - Редно поле
Редна дума Тибълс, Джоф
Авторски знак Ти - Т 54
245 10 - Сведения за заглавието
Заглавие Най-големите гафове в правосъдието
Редно поле (дума) Джоф Тибълс; прев. от англ. Георги Ангелов.
257 ## - Страна на издаване
Страна на създаване/издаване Великобритания
260 ## - Област на издателските данни
Място на издаване, разпространение и проч. София
Име на издателя, разпространителя и проч. Анимар
Година на издаване 2003
Печатница Хасково : Полиграфюг
9 (RLIN) 210880
Издателство - префикс ISBN 978-954-9323- ; 954-91176- ; 954-91332-
300 ## - Физическа характеристика
Страници 422 с.
Размери/Мащаб 20 см
380 ## - Жанр
Жанр Обществени науки
500 ## - Общи забележки
Забележка Ориг. загл. Legal Blunders / Jeoff Tibballs. - Офс. изд.
650 #4 - Допълнително описание по предмет – тема
Основно описание – тема или топоним Право
9 (RLIN) 167371
650 #4 - Допълнително описание по предмет – тема
Основно описание – тема или топоним Престъпления и престъпници
9 (RLIN) 271124
650 #4 - Допълнително описание по предмет – тема
Основно описание – тема или топоним Грешки
9 (RLIN) 152605
653 ## - Ключова дума – ненормативна
Ключова дума престъпления
653 ## - Ключова дума – ненормативна
Ключова дума престъпници
700 1# - Други автори (авторска отговорност)
Лично име Ангелов, Георги
Автороска отговорност (Описва отношението между автора и произведението) прев. от англ.
9 (RLIN) 368651
852 ## - Местоположение
Форматна сигнатура Цб 215141
856 4# - Електронен адрес и достъп
Електронен формат pdf - файл
856 4# - Електронен адрес и достъп
Електронен формат pdf - файл
942 ## - АРТИКУЛИ
Вид на библиотечния материал Книги
Скрит в OPAC Не
Koha issues (borrowed), all copies 2
944 ## - СЪЗДАВАНЕ И РЕДАКЦИЯ на ЗАПИСА
Създаване/Редакция Създаване
Дата на регистрацията/редакция 01.01.2003
Служител, извършил регистрацията/редакцията 30549
Статус, дата на статуса Вася Ганчева
944 ## - СЪЗДАВАНЕ И РЕДАКЦИЯ на ЗАПИСА
Създаване/Редакция Редакция
Дата на регистрацията/редакция 09.06.2004
999 ## - СИСТЕМНИ КОНТРОЛНИ НОМЕРА
Koha biblionumber 101605
Koha biblioitemnumber 101605
999 ## - СИСТЕМНИ КОНТРОЛНИ НОМЕРА
Koha biblioitemnumber 101605
Наличности
Код за отписване Код за изгубен артикул Код за повреда Коз за рестрикции Код за отдаване Артикулен № Име на библиотеката - собственик Име на библиотеката, в която се намира в момента Статус (Текущо местоположение) Дата на вписване в системата Местоположение - отдел Цена в лева Инвентарен номер Систематично азбучна сигнатура Баркод Номер на екземпляра Цена в евро Служебна бележка Служебен тип на артикула
  Не е изгубен Не е повреден без рестрикции заемане за дома 163769 Регионална библиотека "Любен Каравелов" Русе Регионална библиотека "Любен Каравелов" Русе Заемна - подръчен фонд 2003-06-19 Заемна - подръчен фонд 10.00 120000676924 П 347/Т 54 120000676924 1 5.11 Дост: Pk Вид: Ф N: 19 Дата: 19.06.2003 Дата инв: 05.02.2018 Бележки инв: П2018 Книги
  Не е изгубен Не е повреден без рестрикции ползва се в читалня 163770 Регионална библиотека "Любен Каравелов" Русе Регионална библиотека "Любен Каравелов" Русе Хранилище 2004-05-18 Хранилище 9.99 120000685585 Цб 215141 120000685585 2 5.11 Дост: Dp Вид: Д N: 30 Дата: 16.07.2003 Книги
Vip Innovations Ltd, Rousse, Bulgaria 2025